000 00696nam a2200229Ia 4500
005 20250425162714.0
008 250425s9999 xx 000 0 und d
041 _aspa
043 _asp
082 _a658.38
110 _aAENOR: ASOCIACION ESPAÑOLA DE NORMALIZACION Y CERTIFICACION
245 0 _aSEGURIDAD DE LAS MAQUINAS COMPORTAMIENTO FISICO DEL SER HUMANO PARTE 5: EVALUCION DEL RIESGO POR MANIPULACION REPETITIVA DE ALTA FRECUENCIA
250 _a1 ED.
260 _aEspaña
_bAENOR
_c2007
260 _aMADRID
300 _a75
500 _aNORMA ESPAÑOLA
650 _aEVALUACION DE RIESGOS
650 _aSEGURIDAD Y SALUD OCUPACIONAL
942 _c01
010 _a98725
999 _c234769
_d234769